Telsumhosh ruba vol. 3 (Record no. 324226)
[ view plain ]
| 000 -LEADER | |
|---|---|
| fixed length control field | 00354 a2200133 4500 |
| 001 - CONTROL NUMBER | |
| control field | 89153 |
| 082 ## - DEWEY DECIMAL CLASSIFICATION NUMBER | |
| Classification number | 891.4393 JAH |
| 090 ## - LOCALLY ASSIGNED LC-TYPE CALL NUMBER (OCLC); LOCAL CALL NUMBER (RLIN) | |
| -- | 42101 |
| -- | 42101 |
| 100 ## - MAIN ENTRY--PERSONAL NAME | |
| Personal name | Jah, Muhammad Hussain |
| 245 ## - TITLE STATEMENT | |
| Title | Telsumhosh ruba vol. 3 |
| Statement of responsibility, etc. | Muhammad Hussain Jah |
| 260 ## - PUBLICATION, DISTRIBUTION, ETC. | |
| Place of publication, distribution, etc. | Karachi |
| Name of publisher, distributor, etc. | Oxford University Press |
| Date of publication, distribution, etc. | 2011 |
| 300 ## - PHYSICAL DESCRIPTION | |
| Extent | 289 p. |
| Other physical details | Hb |
| 500 ## - GENERAL NOTE | |
| General note | urdu literature |
| 942 ## - ADDED ENTRY ELEMENTS (KOHA) | |
| Institution code [OBSOLETE] | CAE NUST |
| Call number prefix | 891.4393 JAH |
| Withdrawn status | Lost status | Damaged status | Not for loan | Collection code | Permanent Location | Current Location | Date acquired | Total Checkouts | Full call number | Barcode | Date last seen | Price effective from | Koha item type |
|---|---|---|---|---|---|---|---|---|---|---|---|---|---|
| College of Aeronautical Engineering (CAE) | College of Aeronautical Engineering (CAE) | 04/03/2017 | 891.4393 JAH | CAE86037 | 04/05/2017 | 04/05/2017 | Book |
